000 03604aam a2200937 a 4500
003 AR-RoUNA
005 20260601105258.0
008 140529||||||||||||||||| |||| 0|||| d
040 _aAR-RoUNA
_bspa
_dAR-RoUNA
041 _aeng
_ajpn
044 _aag
080 _a72.036
092 _lAU887
110 0 _aa+u 1986 Extra Edition
_926498
245 1 _aHelmut Jahn /
_c editado por Toshio Nakamura;
_n nº6
250 _aEDIEX
260 _aTokyo, Japon :
_ba+u Publishing Co, Ltd.
_c1986
300 _a268 p. :
_bfot. col.
_bplantas
_bfot. byn.
_bplanos
_c30x22 cm
490 _aArchitecture and Urbanism
_vv. 6
505 0 _tINDICE
505 0 _aIntroducción por el Editor / Toshio Nakamura p.5
505 _aActualización de imágenes fuera de las formas p.7
505 _aÁlbum fotográfico de Helmut Jahn p.8
505 _aBiografía de Helmut Jahn p.8
505 _tEnsayos
505 _tHelmut Jahn
505 _aLos primeros 20 años p.9
505 _tChristian K. Laine
505 _aEl fenómeno de Helmut Jahn p.209
505 _tEnsayos breves
505 _tHisao Kojama
505 _aChicago y Jahn - Arquitectura "flotante" para una ciudad "flotante" p.203
505 _tShoei Yoh
505 _aAmérica p.205
505 _tYoshiaki Akasaka
505 _aTecnología decoradahoy-Heteroglosia o hacia imágenes de grandeza p.207
505 _t29 Edificios terminados
505 _aCrosby Kemper / Arena conmemorativa p.26
505 _aCentro de Recursos de Aprendizaje, Auraria Higher Education Center p.31
505 _aEdificio de Tribunales del Cuarto Distrito p.35
505 _aEdificio de Tribunales John Marshall p.40
505 _aPabellón de Exposiciones H. Roe Bartle p.43
505 _aBiblioteca Pública de Michigan City p.48
505 _aInstalación Atlética del Saint Mary's College p.55
505 _aGimnasio La Lumiere p.62
505 _aSede Internacional de Rust-Oleum Corporation p.64
505 _aEstructura de estacionamiento Springfield p.69
505 _aSede Corporativa W.W. Grainger p.72
505 _aCentro Xerox p.74
505 _aCentro Profesional D e La Garza p.82
505 _aOficina Postal de Estados Unidos p.86
505 _aSede Distrital de Commonwealth Edison, Bolingbrook p.90
505 _aCentro de Policía Área 2 p.94
505 _aInstalación de apoyo del programa Argonne,LaboratoriosNacionales Argonne p.99
505 _tOtros proyectos y edificios
505 _aFirst Source Center p.108
505 _aResidencia Wisconsin p.115
505 _aOne South Wacker p.121
505 _aAmpliación de la Junta de Comercio de Chicago p.129
505 _a11 Diagonal Street p.138
505 _aEdificio de Ciencias de Ingeniería Agrícola de la Universidad de Illinois p.146
505 _aCentro de Recursos de Aprendizaje del College of DuPage p.150
505 _aPlaza East p.157
505 _aEdificios de Oficinas Shand Morahan p.163
505 _a701 Fourth Avenue South p.169
505 _aExtensión de tránsito rápido O´Hare,estación O'Hare p.177
505 _aCentro del Estado de Illinois p.182
505 _t22 Edificios en proceso
505 _t14 Proyectos
650 _aEdificios
650 _aArquitectura
650 _aPabellones
650 _aBancos
650 _aUniversidades
700 1 _aNakamura, Toshio
_eedt
_915104
908 _aImp
930 _e11643
942 _2udc
_cLIB
945 _aMIA
_d2024-05-13
980 _81
_gMaricel Allasia
_61
_aMaricel Allasia
999 _c12433
_d12433